The Flood Risk Management (Scotland) Act (Record no. 111779)

MARC details
000 -LEADER
fixed length control field 01151cad a22002175a 4500
001 - CONTROL NUMBER
control field E151987
008 - FIXED-LENGTH DATA ELEMENTS--GENERAL INFORMATION
fixed length control field 110118s2011 xxk f 000 0 eng d
020 ## - INTERNATIONAL STANDARD BOOK NUMBER
International Standard Book Number 9780755999279
035 ## - SYSTEM CONTROL NUMBER
System control number (Sirsi) u151987
041 0# - LANGUAGE CODE
Language code of text/sound track or separate title eng
110 2# - MAIN ENTRY--CORPORATE NAME
Corporate name or jurisdiction name as entry element Scotland
Subordinate unit Scottish Government
9 (RLIN) 5344
245 04 - TITLE STATEMENT
Title The Flood Risk Management (Scotland) Act
Remainder of title delivering sustainable flood risk management, a consultation
Medium [electronic resource]
260 ## - PUBLICATION, DISTRIBUTION, ETC.
Place of publication, distribution, etc. Edinburgh
Name of publisher, distributor, etc. Scottish Government
Date of publication, distribution, etc. 2011
520 ## - SUMMARY, ETC.
Summary, etc. Seeks views on new Ministerial guidance on sustainable flood risk management. The guidance advises SEPA, local authorities and Scottish Water on fulfilling their responsibilities under the Flood Risk Management (Scotland) Act 2009, especially managing flooding in a sustainable manner. Deadline for comments is 18 March 2011.
590 ## - LOCAL NOTE (RLIN)
Local note KA
650 24 - SUBJECT ADDED ENTRY--TOPICAL TERM
Topical term or geographic name entry element FLOOD RISK MANAGEMENT (SCOTLAND) ACT 2009
651 #4 - SUBJECT ADDED ENTRY--GEOGRAPHIC NAME
Geographic name Scotland
Chronological subdivision 1999-
690 ## - LOCAL SUBJECT ADDED ENTRY--TOPICAL TERM (OCLC, RLIN)
Topical term or geographic name as entry element ENVIRONMENTAL AND LAND CONSULTANCY-WATER RESOURCE MANAGEMENT-FLOODING
856 40 - ELECTRONIC LOCATION AND ACCESS
Uniform Resource Identifier <a href="https://www.scotland.gov.uk/Publications/2011/01/14152758/0">https://www.scotland.gov.uk/Publications/2011/01/14152758/0</a>
Public note View the consultation free of charge at www.scotland.gov.uk
942 ## - ADDED ENTRY ELEMENTS (KOHA)
Suppress in OPAC 0
Holdings
Withdrawn status Lost status Source of classification or shelving scheme Damaged status Not for loan Home library Current library Shelving location Date acquired Total Checkouts Full call number Barcode Date last seen Copy number Price effective from Koha item type
    Dewey Decimal Classification     Virtual Virtual Online 18/01/2011   ONLINE PUBLICATION 151987-1001 06/08/2019 1 06/08/2019 Book